NCAA LOGOS (EASY) - Statistics

General Stats
  • This quiz has been taken 88 times
  • The average score is 14 of 16
Answer Stats
Picture Answer % Correct
Purdue
96%
University of Conneticut
96%
Wake Forest
96%
Notre Dame
94%
Georgia Tech
93%
Baylor
92%
South Carolina
92%
Brigham Young University
90%
Nebraska
90%
Vanderbilt
89%
Arizona State
88%
Northwestern
88%
North Carolina State
86%
Utah
85%
Kansas State
83%
Washington State
75%
No matching quizzes found
Score Distribution
Percent of People with Each Score
Percentile by Number Answered
Your Score History
You have not taken this quiz